Normal view
MARC view
Entry Personal Name
001 - CONTROL NUMBER
- control field: 10254
003 - CONTROL NUMBER IDENTIFIER
- control field: ARRUPE
005 - DATE AND TIME OF LATEST TRANSACTION
- control field: 20140515141813.0
008 - FIXED-LENGTH DATA ELEMENTS
- fixed length control field: 140515|| aca||aabn | a|a d
040 ## - CATALOGING SOURCE
- Original cataloging agency: ARRUPE
- Transcribing agency: ARRUPE
100 ## - HEADING--PERSONAL NAME
- Personal name: Stokes, C. S.
- Fuller form of name: (Charles Selwyn)
670 ## - SOURCE DATA FOUND
- Source citation: Work cat.: (ARRUPE)0: Stokes, C. S. (Charles Selwyn), Sanctuary, 1941.